000
00275nam a2200121 a 4500
008
130429s1999|||| d
100
1
_a
Hocman, Gabriel
245
1
0
_a
Starnutie
260
_b
Gg Garmond
_a
Partizanské
_c
1999
020
_c
90
041
_a
slo
044
_a
xo
_c
SK
999
_c
20244
_d
20244